000 00300nam a22001337a 4500
008 170526b xxu||||| |||| 00| 0 eng d
020 _a0135713560
041 _aeng
080 _22ND
_a621(075.8)
100 _a27
101 _aIM
245 _aMECHANICS OF MATERIALS
_cPOPOV, E.P
942 _2udc
_cBK
999 _c14470
_d14470